000 01160nam a2200253Ia 4500
999 _c49794
_d49794
001 16729
003 GE_BSU
005 20221215120348.0
008 181216s1967ge xx |||||||||||||| ||geo||
040 _cGE_BSU
041 _ageo
080 _a821.161.1-31 დ-78
100 _aდოსტოევსკი, თ. (1821-1881)
_916428
245 _aეშმაკნი :
_bრომანი /
_cთ.დოსტოევსკი, თარგმანი რ. ქებულაძისა ; თ. ევნესის ბოლოსიტყვ. რედ.ვ.ხოშტარია
264 _aთბილისი :
_bლიტერატურა და ხელოვნება,
_c1967.
300 _a711 გვ. ;
_b21 სმ.
501 _aშენიშვნები. გვ. 702-710.
653 _aეშმაკნი
653 _aრომანი
700 _aქებულაძე, რ.
_eმთარგმნელი
_916116
700 _aევნესი, თ
_e ბოლოსიტყვაობა
_916429
700 _aხოშტარია, ვ
_eრედაქტორი
_916430
942 _cBK
_2udc